Football Players Born in the 1990's #1 - Sudden Death - Statistics

General Stats
  • This quiz has been taken 58 times
    53 since last reset
  • The average score is 6 of 11
Answers on the Grid
Answers color-coded by a green-red scale on the quiz's grid according to % correct below.
Sadio Mané
Raphinha
Neymar Jr
Manuel Neuer
Yann Sommer
Leroy Sané
Joško Gvardiol
Joshua Kimmich
Isco
Harry Kane
Granit Xhaka
Gianluigi Donnarumma
Gareth Bale
Enzo Fernández
Emiliano Martínez
Ederson
 
Answer Stats
Answer % Correct
Neymar Jr
85%
Joshua Kimmich
68%
Leroy Sané
65%
Sadio Mané
65%
Isco
56%
Raphinha
56%
Harry Kane
53%
Emiliano Martínez
47%
Ederson
41%
Gianluigi Donnarumma
38%
Granit Xhaka
38%
No matching quizzes found
Score Distribution
Percent of People with Each Score
Percentile by Number Answered
Your Score History
You have not taken this quiz since the last reset